000 00755nam a2200217 a 4500
001 BRCA_4324
005 20190320204628.0
008 250610s1977----mx-a######---#000-0#spa-#
041 _aspa
044 _amx
050 4 _aF1230
_b.C37 1977
100 1 _aCárdenas de la Peña, Enrique
_911087
245 1 0 _aGobernantes de México
_cintroducción y notas biográficas de Enrique Cárdenas de la Peña ; ilustraciones de Armando Cerón.
260 _aMéxico
_bCelanese Mexicana ; San Ángel
_c1977
300 _a119 p.
_bil.
_c44 cm.
500 _aIncluye índice onomástico
500 _aPor su formato NO se presta a domicilio
650 1 4 _aGobernantes de México
_vBiografías
_xHistoria
_911088
700 1 _aCerón, Armando
_911089
942 _2lcc
_cB
999 _c4035
_d4035